Sistema de información del control de calidad del agua para consumo humano en el Instituto Costarricense de Acueductos y Alcantarillados (A y A)
Tallennettuna:
| Päätekijä: | |
|---|---|
| Aineistotyyppi: | Kirja |
| Julkaistu: |
San José, Costa Rica
1989
|
| Aiheet: | |
| Tagit: |
Lisää tagi
Ei tageja, Lisää ensimmäinen tagi!
|
MARC
| LEADER | 00000nam a2200000Ia 4500 | ||
|---|---|---|---|
| 003 | 007294 | ||
| 005 | 20221231144308.0 | ||
| 008 | 140114s1989 cr a m 000 ||s d | ||
| 040 | |c cru CEDI | ||
| 090 | |a TFG 3027 | ||
| 100 | |a Vega Matamoros, Luisa María |9 11615 | ||
| 245 | |a Sistema de información del control de calidad del agua para consumo humano en el Instituto Costarricense de Acueductos y Alcantarillados (A y A) | ||
| 260 | |c 1989 |a San José, Costa Rica | ||
| 300 | |a xii, 147 hojas : ilustraciones (algunas plegables) ; 28 cm | ||
| 500 | |a Práctica dirigida (licenciatura en ingeniería industrial)--Universidad de Costa Rica. Facultad de Ingeniería. Escuela de Ingeniería Industrial | ||
| 650 | |x CONTROL DE CALIDAD |x PURIFICACION DEL AGUA |9 11616 | ||
| 942 | |c TFG | ||
| 999 | |c 19730 |d 19730 | ||
